000 00856nam a2200217 a 4500
001 64746
003 BD-RjUL
005 20211209081338.0
008 170220s1973 ii ||||| |||| 00| 0 d
035 _a(BD-RjUL)64876
040 _aBD-RjUL
_bben
_cBD-RjUL
041 _aben
082 _223
_a891.4408
_bSON 1973
245 0 0 _aসঞ্জীব রচনাবলী /
_cঅসিতকুমার বন্দ্যোপাধ্যায়
260 _aকলকাতা :
_bমন্ডল বুক হাউস,
_c১৯৭৩
300 _a[৭], ৫১৮ পৃ. ;
_c২০ সেমি.
650 _aবাংলা সাহিত্য
_vসংগ্রহ
_9182973
650 _aBengali literature
_vcollection
_9191223
700 _aবন্দ্যোপাধ্যায়, অসিতকুমার.
_9191955
942 _2ddc
_cBK
999 _c64746
_d64746